[Event "Hold-DM i hurtigskak 2026"]
[Site "Middelfart"]
[Date "2026.05.24"]
[Round "2.2"]
[White "Lindholdt, Malik"]
[Black "Petkov, Preslav "]
[Result "0-1"]
[WhiteElo "2120"]
[BlackElo "2064"]
[EventDate "2026.05.24"]
[EventType "team-tourn"]
[EventRounds "6"]
[EventCountry "DEN"]
[SourceTitle "Live v. Kasper Jerwiarz"]
[WhiteTeam "Naestved"]
[BlackTeam "Taastrup Skakforening"]

1. e4 d5 2. exd5 Qxd5 3. Nf3 Bg4 4. Be2 Nf6 5. d4 a6 6. c4 Qd6 7. Nc3 e6 8. h3 Bh5 9. g4 Bg6 10. Ne5 Nc6 11. c5 Qxd4 12. Nxc6 Qxd1+ 13. Bxd1 bxc6 14. Ba4 O-O-O 15. Be3 Nd5 16. O-O-O Nxe3 17. Rxd8+ Kxd8 18. fxe3 Bxc5 19. Rd1+ Ke7 20. Re1 Rd8 21. Bxc6 Rd3 22. Nd1 h5 23. Bf3 hxg4 24. hxg4 a5 25. Be2 Rd6 26. Bf3 Bb4 27. Re2 Bd3 28. Rg2 e5 29. Nc3 Bxc3 30. bxc3 Rb6 31. Rb2 Rxb2 32. Kxb2 Kd6 33. Ka3 Kc5 34. Kb3 f5 35. g5 Bc4+ 36. Kb2 Bd5 37. Be2 f4 38. exf4 exf4 39. a3 f3 40. Bf1 Bc4 0-1

[Event "Hold-DM i hurtigskak 2026"]
[Site "Middelfart"]
[Date "2026.05.24"]
[Round "2.3"]
[White "Kirkebaekke, Mark"]
[Black "Olsen, Nils Linde"]
[Result "0-1"]
[WhiteElo "1903"]
[BlackElo "2029"]
[EventDate "2026.05.24"]
[EventType "team-tourn"]
[EventRounds "6"]
[EventCountry "DEN"]
[SourceTitle "Live v. Kasper Jerwiarz"]
[WhiteTeam "Taastrup Skakforening"]
[BlackTeam "Naestved"]

1. d4 Nf6 2. c4 c5 3. d5 e5 4. Nc3 d6 5. e4 g6 6. f4 exf4 7. Bxf4 Nh5 8. Be3 Bg7 9. Nf3 O-O 10. Bd3 Nd7 11. O-O Ne5 12. Be2 Ng4 13. Bg5 f6 14. Bd2 Bd7 15. h3 Nh6 16. Kh2 f5 17. exf5 gxf5 18. Bg5 Qe8 19. Re1 Nf7 20. Bd3 Ne5 21. g3 Qg6 22. Bf4 Rae8 23. Be2 Nxf4 24. gxf4 Nxf3+ 25. Bxf3 Qh6 26. Qd2 Be5 27. Ne2 Kh8 28. Rad1 Bf6 29. Ng3 Bh4 30. Rxe8 Rxe8 31. Rg1 Bf6 32. Nh5 Bd4 33. Rg2 Be3 34. Qc3+ Bd4 35. Qd2 Rg8 36. Rxg8+ Kxg8 37. Qg2+ Qg6 38. Qe2 Kf7 39. Ng3 Qf6 40. Bh5+ Kf8 41. b3 Qe7 42. Qf1 Qe3 43. Ne2 Qf2+ 44. Qxf2 Bxf2 45. Kg2 Be3 46. Kf3 Bd2 47. Kf2 Ke7 48. Bf3 Kf6 49. Kg3 a6 50. Ng1 b5 51. Bd1 a5 52. Nf3 Be3 53. Ng1 Bxg1 0-1

[Event "Hold-DM i hurtigskak 2026"]
[Site "Middelfart"]
[Date "2026.05.24"]
[Round "2.4"]
[White "Christensen, Thomas"]
[Black "Loveid, Erik"]
[Result "1-0"]
[WhiteElo "2108"]
[BlackElo "1951"]
[EventDate "2026.05.24"]
[EventType "team-tourn"]
[EventRounds "6"]
[EventCountry "DEN"]
[SourceTitle "Live v. Kasper Jerwiarz"]
[WhiteTeam "Naestved"]
[BlackTeam "Taastrup Skakforening"]

1. Nc3 d6 2. e4 e5 3. f4 Nf6 4. Nf3 Nc6 5. Bb5 Bg4 6. d3 Be7 7. O-O O-O 8. Bxc6 bxc6 9. fxe5 dxe5 10. Qe1 Bc5+ 11. Kh1 Qd6 12. Qh4 Bxf3 13. Rxf3 Nd7 14. Ne2 Qg6 15. Ng3 Nf6 16. Bg5 Ng4 17. Qxg4 h6 18. Nf5 Qxg5 19. Qh3 g6 20. Rg3 Qd2 21. Nxh6+ Kg7 22. Nf5+ Kf6 23. Qh4+ Ke6 24. Ng7+ Kd7 25. Qf6 Bd6 26. d4 Qxd4 27. Rd3 Qxe4 28. Rad1 Kc8 29. Rxd6 cxd6 30. Qxd6 Kb7 31. Qe7+ Kb6 32. a4 a5 33. h3 Rfc8 34. Qxf7 Rc7 35. Qf6 Rac8 36. Ne6 Qb4 37. Nxc7 Rxc7 38. Rd3 Qe1+ 39. Kh2 Qe4 40. Rb3+ Ka7 41. Qf2+ c5 42. Kg1 Qd4 43. Rg3 Rc6 44. c3 Qd1+ 45. Kh2 Qd6 46. Qf7+ Kb6 47. Qe8 c4 48. h4 e4 49. Qxe4 Rc5 50. Qxg6 Qxg6 51. Rxg6+ Kc7 52. g4 Re5 53. h5 Re2+ 54. Kg3 Rxb2 55. h6 1-0

[Event "Hold-DM i hurtigskak 2026"]
[Site "Middelfart"]
[Date "2026.05.24"]
[Round "2.1"]
[White "Jorgensen, Brian Jorgen"]
[Black "Haarh, Simon Bjork"]
[Result "1-0"]
[WhiteElo "2191"]
[BlackElo "2056"]
[EventDate "2026.05.24"]
[EventType "team-tourn"]
[EventRounds "6"]
[EventCountry "DEN"]
[SourceTitle "Live v. Kasper Jerwiarz"]
[WhiteTeam "The Obroes"]
[BlackTeam "Laeseforeningen"]

1. d4 Nf6 2. c4 e6 3. Nc3 Bb4 4. e3 c5 5. Nf3 O-O 6. a3 Bxc3+ 7. bxc3 b6 8. Bd3 Bb7 9. O-O d6 10. Nd2 Nc6 11. f4 Qe7 12. Nf3 e5 13. d5 e4 14. dxc6 Bxc6 15. Bc2 exf3 16. gxf3 Qe6 17. e4 Qxc4 18. Bd2 Rad8 19. Bb3 Qd3 20. Bc2 Qa6 21. f5 Nh5 22. Bg5 Rd7 23. f4 g6 24. f6 Qc4 25. Qf3 d5 26. e5 Rc8 27. Qh3 d4 28. Bd3 Qe6 29. Qxe6 fxe6 30. c4 Ba4 31. Rf2 Kf7 32. Re1 b5 33. f5 gxf5 34. Be2 Kg6 35. Rg2 bxc4 36. Bf4+ Kf7 37. Bxh5+ Kf8 38. Bh6+ 1-0

[Event "Hold-DM i hurtigskak 2026"]
[Site "Middelfart"]
[Date "2026.05.24"]
[Round "2.2"]
[White "Sandmann, Villads Majvang"]
[Black "Christensen, Janus"]
[Result "1/2-1/2"]
[WhiteElo "2184"]
[BlackElo "2115"]
[EventDate "2026.05.24"]
[EventType "team-tourn"]
[EventRounds "6"]
[EventCountry "DEN"]
[SourceTitle "Live v. Kasper Jerwiarz"]
[WhiteTeam "Laeseforeningen"]
[BlackTeam "The Obroes"]

1. e4 e5 2. Nf3 Nc6 3. Bb5 Nf6 4. d3 Bc5 5. c3 d6 6. O-O O-O 7. Re1 Bg4 8. h3 Bh5 9. Nbd2 Ne7 10. Nf1 c6 11. Ba4 a5 12. Ng3 Bg6 13. Bc2 Nh5 14. Ne2 Qb6 15. d4 exd4 16. cxd4 Bb4 17. Bd2 Nf6 18. Nf4 Rfe8 19. b3 Bxd2 20. Qxd2 c5 21. e5 Nfd5 22. dxc5 Qxc5 23. Bxg6 hxg6 24. Rac1 Qb5 25. exd6 Nxf4 26. Qxf4 Nf5 27. Rxe8+ Rxe8 28. g4 Nh6 29. Rd1 Rd8 30. d7 f6 31. Qe4 Nf7 32. Rd5 Qc6 33. Nd4 Qc1+ 34. Kg2 Ne5 35. Nf3 Nxf3 36. Qxf3 Qc7 37. Qe4 Kf7 38. Qd4 Qc6 39. Kg1 Qc1+ 40. Kg2 Qc6 41. Qc4 Qxc4 42. bxc4 Ke7 43. Rxa5 Rxd7 44. Rb5 Rc7 45. Kf3 Kd6 46. Ke3 Kc6 47. Rd5 Re7+ 48. Kd3 Re1 49. Kc3 Rc1+ 50. Kb3 Rb1+ 51. Kc2 Rh1 52. Rd3 Kc5 53. Rd7 Kxc4 54. Rxg7 Rxh3 55. Rxg6 Rf3 56. Rg7 Rxf2+ 57. Kb1 b5 58. Rc7+ Kb4 59. Rc6 Rf4 60. Rd6 Rxg4 61. Rxf6 Rg1+ 62. Kb2 Rg2+ 63. Kb1 1/2-1/2

[Event "Hold-DM i hurtigskak 2026"]
[Site "Middelfart"]
[Date "2026.05.24"]
[Round "2.3"]
[White "Peitersen, Andreas"]
[Black "Frydendahl, Noah Skotte"]
[Result "0-1"]
[WhiteElo "1996"]
[BlackElo "1987"]
[EventDate "2026.05.24"]
[EventType "team-tourn"]
[EventRounds "6"]
[EventCountry "DEN"]
[SourceTitle "Live v. Kasper Jerwiarz"]
[WhiteTeam "The Obroes"]
[BlackTeam "Laeseforeningen"]

1. e4 e5 2. Nf3 Nc6 3. Nc3 Nf6 4. d4 exd4 5. Nd5 Be7 6. Bb5 O-O 7. O-O d6 8. Bxc6 bxc6 9. Nxf6+ Bxf6 10. Nxd4 c5 11. Ne2 Ba6 12. Re1 Rb8 13. Rb1 c6 14. Ng3 Re8 15. Bf4 Rxb2 16. Rxb2 Bxb2 17. Qxd6 Qxd6 18. Bxd6 Bd4 19. Nf5 Re6 20. e5 Bb7 21. Nxd4 cxd4 22. Bc5 f6 23. Bxd4 fxe5 24. Rxe5 Rxe5 25. Bxe5 Bc8 26. Bd4 a6 27. Kf1 Be6 28. a3 Kf7 29. Ke2 Bc4+ 30. Ke3 g6 31. g4 Ke6 32. g5 Kf5 33. Bf6 h6 34. f4 h5 35. Kf3 Bd5+ 36. Ke3 Kg4 37. Be5 Be6 38. Kd4 Bf5 39. c3 Kh3 40. Kc5 Kxh2 41. Kxc6 Kg2 0-1

[Event "Hold-DM i hurtigskak 2026"]
[Site "Middelfart"]
[Date "2026.05.24"]
[Round "2.4"]
[White "Bjerg, Ludvig"]
[Black "Moustgaard, Vitus"]
[Result "1-0"]
[WhiteElo "1949"]
[BlackElo "1659"]
[EventDate "2026.05.24"]
[EventType "team-tourn"]
[EventRounds "6"]
[EventCountry "DEN"]
[SourceTitle "Live v. Kasper Jerwiarz"]
[WhiteTeam "Laeseforeningen"]
[BlackTeam "The Obroes"]

1. e4 g6 2. d4 Bg7 3. f4 d6 4. Nf3 Nf6 5. Nc3 O-O 6. Bd3 c5 7. d5 e6 8. dxe6 Bxe6 9. O-O Nc6 10. f5 Bc8 11. Kh1 Nb4 12. fxg6 hxg6 13. Bc4 Qe8 14. a3 Nc6 15. Ng5 Ne5 16. Ba2 Qe7 17. Nd5 Nxd5 18. Bxd5 Bg4 19. Qe1 Be6 20. Bxe6 fxe6 21. Nf3 Nxf3 22. gxf3 Qf6 23. c3 d5 24. Be3 d4 25. Bd2 Rad8 26. Qg3 dxc3 27. Bxc3 Qf7 28. Bxg7 Qxg7 29. Qf2 Rd4 30. Rfe1 Qf6 31. Re3 Qf4 32. Kg2 g5 33. Qe2 Rf6 34. Rc1 Rh6 35. Kg1 b6 36. Rcc3 Qd6 37. Red3 Kf7 38. Rxd4 Qxd4+ 39. Qe3 Qd1+ 40. Kg2 Rg6 41. Qd3 Qxd3 42. Rxd3 Ke7 43. Kg3 Rh6 44. Rd2 Rh4 45. b4 cxb4 46. axb4 Rh8 47. Kg4 Rg8 48. Ra2 Ra8 49. Kxg5 a5 50. bxa5 bxa5 51. h4 a4 52. h5 a3 53. h6 Ra5+ 54. Kg6 e5 55. h7 Ra8 56. Rxa3 Rxa3 57. h8=Q 1-0

[Event "Hold-DM i hurtigskak 2026"]
[Site "Middelfart"]
[Date "2026.05.24"]
[Round "2.1"]
[White "Jacobsen, Mikkel Manosri"]
[Black "Rasmussen, Allan Stig"]
[Result "0-1"]
[WhiteElo "2302"]
[BlackElo "2521"]
[EventDate "2026.05.24"]
[EventType "team-tourn"]
[EventRounds "6"]
[EventCountry "DEN"]
[SourceTitle "Live v. Kasper Jerwiarz"]
[WhiteTeam "BMS"]
[BlackTeam "Frem"]

1. d4 f5 2. Nf3 Nf6 3. Bf4 d6 4. h3 g6 5. e3 Bg7 6. c4 O-O 7. Nc3 c5 8. Be2 Ne4 9. O-O Nc6 10. Rc1 e5 11. Bh2 exd4 12. exd4 Nxd4 13. Nxd4 Bxd4 14. Nb5 Bxb2 15. Qd5+ Kg7 16. Rc2 Be5 17. Bxe5+ dxe5 18. Qxe5+ Qf6 19. Qxf6+ Kxf6 20. Bf3 Bd7 21. Nc7 Rad8 22. Nd5+ Ke5 23. Bxe4 fxe4 24. Re2 Bc6 25. Ne7 Rd4 26. Nxc6+ bxc6 27. Rb1 Rf7 28. Rb8 Re7 29. Rc2 Rd3 30. Rc8 Re6 31. Rc7 Red6 32. Rxa7 Rd1+ 33. Kh2 R1d2 34. Re7+ Kf5 35. Rxd2 Rxd2 36. Kg3 h5 37. Rc7 Rxa2 38. Rxc6 Ra3+ 39. Kh2 Ra5 40. Rd6 h4 41. Rd5+ Kf4 42. Kg1 Ra1+ 43. Kh2 Rf1 44. Rxc5 Rxf2 45. Kg1 Rc2 46. Rc8 e3 47. Kh2 Ke4 48. c5 e2 49. Re8+ Kd3 50. Rd8+ Ke3 51. Re8+ Kd2 52. Rd8+ Kc1 53. Re8 Kd1 54. Rd8+ Rd2 55. Rxd2+ Kxd2 56. c6 e1=Q 0-1

[Event "Hold-DM i hurtigskak 2026"]
[Site "Middelfart"]
[Date "2026.05.24"]
[Round "2.2"]
[White "Besq, Alexander Le"]
[Black "Kistrup, Nicolai"]
[Result "1-0"]
[WhiteElo "2159"]
[BlackElo "2436"]
[EventDate "2026.05.24"]
[EventType "team-tourn"]
[EventRounds "6"]
[EventCountry "DEN"]
[SourceTitle "Live v. Kasper Jerwiarz"]
[WhiteTeam "Frem"]
[BlackTeam "BMS"]

1. e4 c6 2. d4 d5 3. exd5 cxd5 4. Nf3 Nc6 5. Bb5 Qa5+ 6. Nc3 Bg4 7. Bd2 Rc8 8. h3 Bxf3 9. Qxf3 e6 10. a4 Qc7 11. Bf4 Qd8 12. O-O Nf6 13. Bg5 Be7 14. Ne2 a6 15. Bd3 Nb4 16. c3 Nxd3 17. Qxd3 Ne4 18. Bxe7 Qxe7 19. f3 Nd6 20. Nf4 Qg5 21. Ne2 O-O 22. Nc1 Qf4 23. Qe2 Nf5 24. Nd3 Qd6 25. Qe5 Qxe5 26. Nxe5 a5 27. Kf2 Rc7 28. Ra3 f6 29. Nd3 Nd6 30. Nc5 Kf7 31. Rb3 e5 32. dxe5 fxe5 33. Nd3 Nc4 34. Re1 Re8 35. Rb5 e4 36. fxe4 dxe4 37. Nf4 e3+ 38. Kf3 Rd7 39. Rf5+ Kg8 40. Nd5 Nxb2 41. Rxe3 Rxe3+ 42. Kxe3 Nxa4 43. Kd4 Nb6 44. c4 Nxd5 45. cxd5 a4 46. Ke5 b5 47. Ke6 Ra7 48. d6 a3 49. Rxb5 Ra8 50. Rb1 Kf8 51. Rf1+ Kg8 52. d7 g5 53. Ke7 Ra7 54. Ke8 1-0

[Event "Hold-DM i hurtigskak 2026"]
[Site "Middelfart"]
[Date "2026.05.24"]
[Round "2.3"]
[White "Falkesgaard, Jeppe Hald"]
[Black "Dyrgaard, Kristoffer"]
[Result "1/2-1/2"]
[WhiteElo "2317"]
[BlackElo "2207"]
[EventDate "2026.05.24"]
[EventType "team-tourn"]
[EventRounds "6"]
[EventCountry "DEN"]
[SourceTitle "Live v. Kasper Jerwiarz"]
[WhiteTeam "BMS"]
[BlackTeam "Frem"]

1. d4 Nf6 2. c4 g6 3. Nc3 d5 4. Nf3 Bg7 5. Bf4 O-O 6. e3 c5 7. dxc5 Qa5 8. Nd2 dxc4 9. Nxc4 Qxc5 10. Qd4 Qxd4 11. exd4 Nc6 12. O-O-O Nh5 13. Be3 e5 14. d5 Nd4 15. Nxe5 Nf5 16. Bc5 Bxe5 17. Bxf8 Kxf8 18. g4 Nf4 19. gxf5 Bxf5 20. Bc4 Rc8 21. Bb3 Nd3+ 22. Rxd3 Bxd3 23. Kd2 Bf5 24. h4 a6 25. h5 Bf4+ 26. Ke2 g5 27. Kf3 Bd6 28. Re1 g4+ 29. Kg2 Re8 30. Rxe8+ Kxe8 31. Nd1 Be4+ 32. Kf1 Bd3+ 33. Kg2 f5 34. f3 Be5 35. Ne3 gxf3+ 36. Kxf3 Be4+ 37. Ke2 Bxb2 38. Nc4 Bd4 39. Nd6+ Kd7 40. Nxe4 fxe4 41. Bc2 h6 42. Bxe4 Kd6 43. Kd3 Bf6 44. Bf3 b5 45. Ke4 b4 46. Be2 a5 47. Bb5 Bc3 48. Ba4 Bd2 49. Kd4 Bg5 50. Kc4 Bd8 51. Bb3 Bc7 52. Kb5 Bd8 53. Kc4 Bb6 54. Kb5 Bc7 55. Kc4 Bd8 56. Kb5 Bc7 1/2-1/2

[Event "Hold-DM i hurtigskak 2026"]
[Site "Middelfart"]
[Date "2026.05.24"]
[Round "2.4"]
[White "Andries, Alf"]
[Black "Jalving, August"]
[Result "0-1"]
[WhiteElo "2210"]
[BlackElo "2094"]
[EventDate "2026.05.24"]
[EventType "team-tourn"]
[EventRounds "6"]
[EventCountry "DEN"]
[SourceTitle "Live v. Kasper Jerwiarz"]
[WhiteTeam "Frem"]
[BlackTeam "BMS"]

1. e4 d6 2. d4 Nf6 3. Nc3 Nbd7 4. Nf3 e5 5. Bc4 Be7 6. O-O O-O 7. Re1 c6 8. a4 a5 9. dxe5 dxe5 10. Qe2 Qc7 11. Be3 Nc5 12. Bg5 Ne6 13. Bxe6 Bxe6 14. Nh4 h6 15. Bd2 Rfd8 16. Nf5 Bf8 17. Rad1 Kh7 18. Qf3 Nd7 19. h4 g6 20. Ng3 Be7 21. Qe3 Nf6 22. Qxh6+ Kg8 23. Qe3 Ng4 24. Qf3 Bxh4 25. Be3 Nxe3 26. Qxe3 Qe7 27. Nge2 Bg4 28. Rxd8+ Rxd8 29. Nc1 Bf6 30. Nd3 Be6 31. Qb6 Ra8 32. Nc5 Bc8 33. Rd1 Kg7 34. Nb3 Bg4 35. Rd3 Qb4 36. Qe3 Be6 37. Qe1 Rh8 38. Qd1 b5 39. axb5 a4 40. Nd2 cxb5 41. Qc1 Bg5 42. Qa1 Qc5 43. Nf3 Bf6 44. Qd1 Rc8 45. Qd2 Qc6 46. Ne1 Qc4 47. Nd5 Qxe4 48. Nxf6 Kxf6 49. Rf3+ Kg7 50. Nd3 Qd4 51. Qe2 e4 52. Rf4 exd3 0-1

[Event "Hold-DM i hurtigskak 2026"]
[Site "Middelfart"]
[Date "2026.05.24"]
[Round "3.1"]
[White "Hagen, Andreas Skytte"]
[Black "Bogo, Soren"]
[Result "1-0"]
[WhiteElo "2341"]
[BlackElo "2229"]
[EventDate "2026.05.24"]
[EventType "team-tourn"]
[EventRounds "6"]
[EventCountry "DEN"]
[SourceTitle "Live v. Kasper Jerwiarz"]
[WhiteTeam "Naestved"]
[BlackTeam "Fureso"]

1. c4 Nf6 2. g3 g6 3. Bg2 Bg7 4. Nc3 O-O 5. e4 d6 6. Nge2 c5 7. O-O Nc6 8. d3 a6 9. h3 Rb8 10. a4 Nd7 11. Be3 Nd4 12. Rb1 Nxe2+ 13. Qxe2 Ne5 14. Kh2 Nc6 15. Qd2 e6 16. Bh6 Bxh6 17. Qxh6 Qf6 18. Qd2 Qg7 19. f4 f5 20. Qf2 Bd7 21. e5 dxe5 22. Qxc5 exf4 23. Rxf4 g5 24. Rf2 Qd4 25. Qxd4 Nxd4 26. Ne2 Nb3 27. Nc3 Nc5 28. b4 Nxa4 29. Nxa4 Bxa4 30. b5 axb5 31. Ra2 Rfc8 32. Rb4 Rc7 33. cxb5 Bc2 34. b6 Rc3 35. Rc4 Rxc4 36. dxc4 Bb3 37. Ra7 Bxc4 38. Rxb7 Rd8 39. Rc7 Ba6 40. Ra7 Bc4 41. b7 1-0

[Event "Hold-DM i hurtigskak 2026"]
[Site "Middelfart"]
[Date "2026.05.24"]
[Round "3.2"]
[White "Thorsbro, Peter"]
[Black "Lindholdt, Malik"]
[Result "1-0"]
[WhiteElo "2180"]
[BlackElo "2120"]
[EventDate "2026.05.24"]
[EventType "team-tourn"]
[EventRounds "6"]
[EventCountry "DEN"]
[SourceTitle "Live v. Kasper Jerwiarz"]
[WhiteTeam "Fureso"]
[BlackTeam "Naestved"]

1. d4 Nf6 2. c4 g6 3. Nc3 Bg7 4. e4 d6 5. Nf3 O-O 6. Be2 e5 7. Be3 Ng4 8. Bg5 f6 9. Bh4 g5 10. Bg3 Nh6 11. d5 a5 12. Nd2 Na6 13. a3 f5 14. f3 Bd7 15. Rb1 fxe4 16. Ndxe4 Nf5 17. Bf2 b6 18. b4 axb4 19. axb4 Nh4 20. O-O h5 21. Qd2 g4 22. fxg4 hxg4 23. Qg5 Qxg5 24. Nxg5 Ng6 25. Ne6 Bxe6 26. dxe6 Nf4 27. Bxg4 Rae8 28. Nd5 Nxd5 29. cxd5 Rf4 30. Bh5 Re7 31. Bf7+ Kh7 32. Be1 Rxf1+ 33. Kxf1 Bh6 34. Ke2 Bf4 35. Bd2 Bxd2 36. Kxd2 Nb8 37. Ra1 Nd7 38. exd7 Rxd7 39. Be6 Rg7 40. g4 Kh6 41. h4 Kg6 42. Ra8 Kf6 43. b5 Rh7 44. h5 Kg5 45. Ke3 Rg7 46. Rg8 1-0

[Event "Hold-DM i hurtigskak 2026"]
[Site "Middelfart"]
[Date "2026.05.24"]
[Round "3.3"]
[White "Olsen, Nils Linde"]
[Black "Damm, Kasper Wilken"]
[Result "0-1"]
[WhiteElo "2029"]
[BlackElo "2157"]
[EventDate "2026.05.24"]
[EventType "team-tourn"]
[EventRounds "6"]
[EventCountry "DEN"]
[SourceTitle "Live v. Kasper Jerwiarz"]
[WhiteTeam "Naestved"]
[BlackTeam "Fureso"]

1. d4 Nf6 2. c4 c5 3. d5 d6 4. Nc3 g6 5. e4 Bg7 6. Be2 O-O 7. h3 Re8 8. Nf3 e6 9. Nd2 a6 10. a4 Nbd7 11. O-O Qc7 12. f4 Rb8 13. Qc2 Nf8 14. Bf3 exd5 15. cxd5 b5 16. axb5 axb5 17. Kh2 N6d7 18. Bg4 c4 19. Nf3 h5 20. Bxd7 Nxd7 21. e5 dxe5 22. Ng5 Nc5 23. fxe5 Bxe5+ 24. Kh1 f5 25. Nxb5 Rxb5 26. Qxc4 Qd7 27. Be3 Bd6 28. Bd4 Ne4 29. Nxe4 Rxe4 30. Ra8 Rc5 31. Qd3 Rc7 32. Bb6 Rb7 33. Rc1 Re8 34. Qd4 Kh7 35. Ba5 Be5 36. Qc4 Bb8 37. Bc3 Qd6 38. Rxb8 Rxb8 39. Qd4 Rb7 40. Ra1 Rbe7 41. Ra8 Re1+ 0-1

[Event "Hold-DM i hurtigskak 2026"]
[Site "Middelfart"]
[Date "2026.05.24"]
[Round "3.4"]
[White "Jensen, Christian Skov"]
[Black "Christensen, Thomas"]
[Result "1-0"]
[WhiteElo "1925"]
[BlackElo "2108"]
[EventDate "2026.05.24"]
[EventType "team-tourn"]
[EventRounds "6"]
[EventCountry "DEN"]
[SourceTitle "Live v. Kasper Jerwiarz"]
[WhiteTeam "Fureso"]
[BlackTeam "Naestved"]

1. d4 b6 2. Bg5 Bb7 3. e3 g6 4. f4 Bg7 5. Nf3 Nf6 6. Nbd2 d5 7. Bd3 Nbd7 8. O-O O-O 9. Rc1 Ne4 10. c4 Nxg5 11. Nxg5 Nf6 12. c5 h6 13. Ngf3 Ne4 14. Ne5 bxc5 15. Bxe4 dxe4 16. Rxc5 Bd5 17. Qc2 Bxe5 18. fxe5 f5 19. exf6 exf6 20. Nxe4 f5 21. Nc3 c6 22. Nxd5 cxd5 23. Rc1 Rf7 24. Qb3 Rb8 25. Rxd5 Qe8 26. Qc3 Re7 27. Re1 Rc8 28. Rc5 Rd8 29. Qd2 Rd6 30. Rc3 Re4 31. Qc1 Rdxd4 32. Rc8 Rd8 33. Rc7 Rd7 34. Rxd7 Qxd7 35. Rd1 Qe7 36. Qc8+ Kf7 37. Rd7 1-0

[Event "Hold-DM i hurtigskak 2026"]
[Site "Middelfart"]
[Date "2026.05.24"]
[Round "3.1"]
[White "Lauritsen, Martin Lee"]
[Black "Jacobsen, Mikkel Manosri"]
[Result "0-1"]
[WhiteElo "2135"]
[BlackElo "2302"]
[EventDate "2026.05.24"]
[EventType "team-tourn"]
[EventRounds "6"]
[EventCountry "DEN"]
[SourceTitle "Live v. Kasper Jerwiarz"]
[WhiteTeam "Taastrup Skakforening"]
[BlackTeam "BMS"]

1. e4 c6 2. Nf3 d5 3. Nc3 Bg4 4. h3 Bxf3 5. Qxf3 e6 6. d3 g6 7. Bd2 Bg7 8. g3 Nd7 9. Bg2 Ne7 10. O-O O-O 11. g4 f5 12. Qg3 fxe4 13. dxe4 d4 14. Ne2 e5 15. f4 Qb6 16. Qb3+ Kh8 17. Kh1 Nc5 18. Qxb6 axb6 19. f5 Kg8 20. Bg5 Bf6 21. Bh6 g5 22. Bxf8 Kxf8 23. b3 b5 24. a3 Nc8 25. Ng3 Nd6 26. Rfe1 Ke7 27. Bf3 Nd7 28. a4 b4 29. a5 Nb5 30. Be2 Na3 31. Bd3 Rxa5 32. Ra2 Nc5 33. Rea1 Kd6 34. Kg2 Nxd3 35. cxd3 Rc5 36. Rb2 Rc3 37. Rd1 Nc2 38. Kf3 Bd8 39. Ne2 Rxd3+ 40. Rxd3 Ne1+ 41. Kg3 Nxd3 42. Rb1 b5 43. Kf3 c5 44. Ra1 c4 45. Nc1 Nc5 46. Rb1 c3 47. Ke2 Nxe4 48. Nd3 Nd2 49. Ra1 e4 50. Ra6+ Kc7 51. Nxb4 Nxb3 52. Re6 d3+ 53. Nxd3 exd3+ 54. Kxd3 Nc5+ 55. Kxc3 Nxe6 56. fxe6 Be7 57. Kd4 0-1

[Event "Hold-DM i hurtigskak 2026"]
[Site "Middelfart"]
[Date "2026.05.24"]
[Round "3.2"]
[White "Kistrup, Nicolai"]
[Black "Petkov, Preslav "]
[Result "1-0"]
[WhiteElo "2436"]
[BlackElo "2064"]
[EventDate "2026.05.24"]
[EventType "team-tourn"]
[EventRounds "6"]
[EventCountry "DEN"]
[SourceTitle "Live v. Kasper Jerwiarz"]
[WhiteTeam "BMS"]
[BlackTeam "Taastrup Skakforening"]

1. Nf3 d5 2. g3 e6 3. Bg2 c5 4. O-O Nc6 5. d4 Nf6 6. c4 Be7 7. dxc5 Bxc5 8. a3 a6 9. b4 Ba7 10. Bb2 O-O 11. Qc2 dxc4 12. Qxc4 Bd7 13. Rd1 Qe7 14. Qf4 Nd5 15. Qd2 Rfd8 16. Nc3 Nf6 17. e3 Be8 18. Qe2 Rxd1+ 19. Rxd1 Rd8 20. h3 Rxd1+ 21. Qxd1 Qd7 22. Qxd7 Bxd7 23. Kf1 b5 24. Ke2 Ne8 25. Ne4 f6 26. Nfd2 a5 27. Nc5 Bxc5 28. bxc5 Nc7 29. Ne4 Na6 30. Bxf6 b4 31. axb4 axb4 32. Bb2 Na5 33. Bd4 Bb5+ 34. Kd2 e5 35. Bb2 Nb3+ 36. Kc2 Nbxc5 37. Nxc5 Nxc5 38. Bxe5 Ba4+ 39. Kd2 Nb3+ 40. Kd3 Bb5+ 41. Kc2 Na5 42. Bd5+ Kh8 43. h4 b3+ 44. Kc3 b2 45. Be4 Kg8 46. Bd4 Nc6 47. Bd5+ Kh8 48. Kxb2 Nb4 49. Be4 Nd3+ 50. Kc3 Nxf2 51. Bf5 Bc6 52. Kc4 Ne4 53. Be5 Nd2+ 54. Kd3 Nf3 55. Bc3 Bb5+ 56. Ke4 Bc6+ 57. Kf4 Ng1 58. Bg4 Bb5 59. Bb2 Ne2+ 60. Ke4 1-0

[Event "Hold-DM i hurtigskak 2026"]
[Site "Middelfart"]
[Date "2026.05.24"]
[Round "3.3"]
[White "Kirkebaekke, Mark"]
[Black "Falkesgaard, Jeppe Hald"]
[Result "0-1"]
[WhiteElo "1903"]
[BlackElo "2317"]
[EventDate "2026.05.24"]
[EventType "team-tourn"]
[EventRounds "6"]
[EventCountry "DEN"]
[SourceTitle "Live v. Kasper Jerwiarz"]
[WhiteTeam "Taastrup Skakforening"]
[BlackTeam "BMS"]

1. d4 Nf6 2. c4 e6 3. Nc3 d5 4. e3 Nbd7 5. cxd5 exd5 6. Nf3 c6 7. Bd3 Bd6 8. O-O O-O 9. Ne1 Re8 10. f3 c5 11. Nc2 a6 12. dxc5 Bxc5 13. Ne2 b5 14. Ned4 Qb6 15. Bf5 g6 16. Bh3 b4 17. b3 a5 18. Bb2 Ba6 19. Re1 Ne5 20. Qd2 Nd3 21. Reb1 Re7 22. a4 Rae8 23. g3 Nxb2 24. Rxb2 Rxe3 25. Bf1 Bd3 0-1

[Event "Hold-DM i hurtigskak 2026"]
[Site "Middelfart"]
[Date "2026.05.24"]
[Round "3.4"]
[White "Jalving, August"]
[Black "Loveid, Erik"]
[Result "1-0"]
[WhiteElo "2094"]
[BlackElo "1951"]
[EventDate "2026.05.24"]
[EventType "team-tourn"]
[EventRounds "6"]
[EventCountry "DEN"]
[SourceTitle "Live v. Kasper Jerwiarz"]
[WhiteTeam "BMS"]
[BlackTeam "Taastrup Skakforening"]

1. e4 c5 2. Nf3 e6 3. d4 cxd4 4. Nxd4 Nf6 5. Nc3 Bb4 6. e5 Bxc3+ 7. bxc3 Nd5 8. Qg4 Kf8 9. c4 Nc7 10. h4 h5 11. Qg3 Nc6 12. Nxc6 dxc6 13. Ba3+ Kg8 14. Rd1 Qe8 15. Rh3 b6 16. Qg5 Bb7 17. Rhd3 Nd5 18. cxd5 cxd5 19. Rg3 g6 20. Bd3 Rc8 21. Qf6 1-0

[Event "Hold-DM i hurtigskak 2026"]
[Site "Middelfart"]
[Date "2026.05.24"]
[Round "3.1"]
[White "Jorgensen, Brian Jorgen"]
[Black "Ramsdal, Jens Albert"]
[Result "0-1"]
[WhiteElo "2191"]
[BlackElo "2331"]
[EventDate "2026.05.24"]
[EventType "team-tourn"]
[EventRounds "6"]
[EventCountry "DEN"]
[SourceTitle "Live v. Kasper Jerwiarz"]
[WhiteTeam "The Obroes"]
[BlackTeam "SK1968"]

1. d4 d5 2. c4 e6 3. Nc3 Nf6 4. cxd5 exd5 5. Bg5 Be6 6. e3 c6 7. Bd3 Nbd7 8. h3 Be7 9. Nge2 Nh5 10. Bxe7 Qxe7 11. g4 Nhf6 12. Ng3 g6 13. Qc2 O-O-O 14. O-O-O Kb8 15. Kb1 h5 16. g5 Ne8 17. h4 Nd6 18. b3 c5 19. dxc5 Nxc5 20. Ka1 Rc8 21. Qb2 Rhd8 22. Bb1 Ne8 23. Nge2 Qc7 24. Rc1 Qe5 25. Nd4 Ka8 26. Ncb5 a6 27. Nc3 Bg4 28. b4 Ne6 29. Nxe6 Qxe6 30. b5 Nd6 31. bxa6 bxa6 32. Bd3 Nc4 33. Bxc4 dxc4 34. Rb1 Rb8 35. Qc2 Qe5 36. Rxb8+ Rxb8 37. Rc1 Bf5 38. e4 Be6 39. Qa4 Ka7 40. Qc6 Rb6 41. Qe8 Qd6 42. Qh8 Qd2 43. Rb1 Rxb1+ 44. Kxb1 Qe1+ 45. Kb2 Qxf2+ 46. Ka3 0-1